Проблемы психологической безопасности личности : (Record no. 393967)
[ view plain ]
| 000 -LEADER | |
|---|---|
| fixed length control field | 01436nam a2200241 a 4500 |
| 001 - CONTROL NUMBER | |
| control field | 000942646 |
| 003 - CONTROL NUMBER IDENTIFIER | |
| control field | AM-YeHGA |
| 005 - DATE AND TIME OF LATEST TRANSACTION | |
| control field | 20250618074746.0 |
| 008 - FIXED-LENGTH DATA ELEMENTS--GENERAL INFORMATION | |
| fixed length control field | 130125s2013 ai r 000 0 rus d |
| 020 ## - INTERNATIONAL STANDARD BOOK NUMBER | |
| International Standard Book Number | 9785808416802 |
| 040 ## - CATALOGING SOURCE | |
| Original cataloging agency | AM-YeHGA |
| 041 0# - LANGUAGE CODE | |
| Language code of text/sound track or separate title | rus |
| 090 ## - LOCALLY ASSIGNED LC-TYPE CALL NUMBER (OCLC); LOCAL CALL NUMBER (RLIN) | |
| -- | 396001 |
| 245 00 - TITLE STATEMENT | |
| Title | Проблемы психологической безопасности личности : |
| Remainder of title | Теоретические и экспериментальные исследования : Коллективная монография / |
| Statement of responsibility, etc. | Авт.: Р.В. Агузумцян, С.С. Амирян, В.Р. Папоян идр.; ЕГУ; НИ лаборатория психологии личности и профессиональной деятельности. |
| 260 ## - PUBLICATION, DISTRIBUTION, ETC. | |
| Place of publication, distribution, etc. | Ереван : |
| Name of publisher, distributor, etc. | Изд-во ЕГУ, |
| Date of publication, distribution, etc. | 2013. |
| 300 ## - PHYSICAL DESCRIPTION | |
| Extent | 136 с. : |
| Other physical details | граф. ; |
| Dimensions | 21 см. |
| 650 14 - SUBJECT ADDED ENTRY--TOPICAL TERM | |
| Topical term or geographic name entry element | Психология |
| General subdivision | Проблемы психологической безопасности |
| Form subdivision | Коллективная монография |
| 700 1# - ADDED ENTRY--PERSONAL NAME | |
| Personal name | Աղուզումցյան, Ռուբեն Վազգենի, |
| Dates associated with a name | 1945- |
| 9 (RLIN) | 2120 |
| 700 1# - ADDED ENTRY--PERSONAL NAME | |
| Personal name | Амирян, С.С. |
| 700 1# - ADDED ENTRY--PERSONAL NAME | |
| Personal name | Папоян, Вардуи Робертовна |
| 710 2# - ADDED ENTRY--CORPORATE NAME | |
| Corporate name or jurisdiction name as entry element | Ереванский государственный универcитет |
| 710 2# - ADDED ENTRY--CORPORATE NAME | |
| Corporate name or jurisdiction name as entry element | НИ лаборатория психологии личности и профессиональной деятельности |
| Withdrawn status | Lost status | Source of classification or shelving scheme | Damaged status | Not for loan | Collection | Home library | Current library | Date acquired | Total checkouts | Full call number | Barcode | Date last seen | Price effective from | Koha item type | Public note |
|---|---|---|---|---|---|---|---|---|---|---|---|---|---|---|---|
| Universal Decimal Classification | General | Fundamental Scientific Library | Fundamental Scientific Library | 02/11/2017 | PII/657669 | FL0465942 | 02/11/2017 | 02/11/2017 | Գրքեր / Books | 30 Days Loan |
ՀՀ Գիտությունների ազգային ակադեմիայի հիմնարար գիտական գրադարան = Fundamental Scientific Library of NAS RA
All site content, except where otherwise noted, is licensed under a